Science Review #1: Cell Parts & Organelles - Statistics

General Stats
  • This quiz has been taken 226 times
  • The average score is 7 of 11
Answer Stats
Clue In plant or animal cells? Answer % Correct
The control center of a cell Both Nucleus
92%
A protective wall around the cell, shaped like a box Plant cells Cell wall
86%
Converts energy in food to energy that the cell can use Both Mitochondria
80%
Controls what substances come into and out of the cell Both Cell membrane
78%
Captures energy from sunlight and uses it to make food for the cell Plant cells Chloroplast
71%
Produces proteins Both Ribosome
71%
Houses organelles Both Cytoplasm
59%
Stores water, food, and waste in a cell Both Vacuole
59%
Breaks down old cell parts Animal cells Lysosome
51%
Carries proteins and other materials throughout the cell Both Endoplasmic reticulum
38%
Receives proteins and other materials and distributes them to other cell parts Both Golgi body
38%
No matching quizzes found
Score Distribution
Percent of People with Each Score
Percentile by Number Answered
Your Score History
You have not taken this quiz